Bezpečnosť vyhradených technických zariadení - elektrických v podniku Swedwood Slovakia, s.r.o. Trnava

Salvato in:
Dettagli Bibliografici
Autore principale: Benedikovič, Igor, 1963- (Autore)
Altri autori: Koreň, Jozef, 1950- (xxx)
Natura: Manoscritto Libro
Lingua:slovacco
Pubblicazione: STU v Bratislave MTF UBEI, 2010
Soggetti:
Accesso online:VAIS
Tags: Aggiungi Tag
Nessun Tag, puoi essere il primo ad aggiungerne!!

MARC

LEADER 00000ntm a22000003a 4500
001 stu206324
005 20160719160250.4
008 100702s2010------------------------slo-d
040 |a STU  |b slo 
041 0 |a slo 
100 1 |a Benedikovič, Igor,  |d 1963-  |4 aut  |X 33499  |7 A000033499 
242 0 0 |a  Safety listed equipment - electric business in Swedwood Slovakia, sro Trnava  |y eng 
245 1 |a Bezpečnosť vyhradených technických zariadení - elektrických v podniku Swedwood Slovakia, s.r.o. Trnava 
260 |b STU v Bratislave MTF UBEI,  |c 2010 
650 7 |a explosion  |2 estusub 
650 7 |a požiar  |2 stusub 
700 1 |a Koreň, Jozef,  |d 1950-  |4 xxx  |X 4395  |7 A000004395 
856 4 |a info a plný text  |u http://is.stuba.sk/zp/portal_zp.pl?podrobnosti=75602  |3 VAIS 
996 |c M*DP-8899  |l MMSKP  |s P  |a 0  |w stu206324_0001